[Event "ESP-ch U14 rapid"]
[Site "Salobrena"]
[Date "2023.07.23"]
[Round "7"]
[White "Rojas Fernandez, Antonio"]
[Black "Antonanzas Fernandez, Mario"]
[Result "1/2-1/2"]
[WhiteElo "1679"]
[BlackElo "1539"]
[PlyCount "161"]
[EventDate "2023.07.22"]
[EventType "swiss (rapid)"]
[EventRounds "9"]
[EventCountry "ESP"]
[SourceTitle "EXT 2024"]
[Source "ChessBase"]
[SourceDate "2023.10.10"]
[SourceVersion "1"]
[SourceVersionDate "2023.10.10"]
[SourceQuality "1"]

1. e4 e5 2. Nf3 Nf6 3. Nxe5 d6 4. Nf3 Nxe4 5. Nc3 Nxc3 6. dxc3 Be7 7. Be3 0-0 8. Qd2 Nd7 9. Bd3 Ne5 10. Nxe5 dxe5 11. 0-0-0 c6 12. Rhe1 Be6 13. Kb1 Qa5 14. b3 Rfd8 15. c4 Bb4 16. Qe2 Bxe1 17. Rxe1 Rd7 18. Bd2 Qc7 19. Bc3 f6 20. f4 Re8 21. fxe5 Bf7 22. Qg4 Rde7 23. Qh4 Bg6 24. Bxg6 hxg6 25. exf6 Rxe1+ 26. Bxe1 gxf6 27. Bc3 g5 28. Qf2 Qf4 29. Qxa7 Qf1+ 30. Kb2 Qxg2 31. Qd4 Rf8 32. Qd3 Kg7 33. Qf5 Rf7 34. a4 Qg1 35. a5 Qe3 36. Qc8 Qa7 37. Qd8 Qf2 38. Qd6 Qa7 39. Qd8 Qf2 40. Qd6 Qa7 41. Qg3 Qc5 42. h4 Kh6 43. hxg5+ fxg5 44. Qh2+ Kg6 45. Qg3 Qf2 46. Qd3+ Qf5 47. Qd6+ Kh5 48. Qh2+ Kg6 49. Qh8 Qd7 50. Qg8+ Kf5 51. Qh8 Kg6 52. Qh1 Rf2 53. Qh8 Qf5 54. Qg7+ Kh5 55. Bd4 Qxc2+ 56. Ka3 Qa2+ 57. Kb4 Qd2+ 58. Kc5 Qxa5+ 59. Kd6 Qd8+ 60. Kc5 Rf5+ 61. Be5 Qf8+ 62. Qxf8 Rxf8 63. Kb6 Rf7 64. Bc7 g4 65. Kxb7 g3 66. Kxc6 Rxc7+ 67. Kxc7 g2 68. c5 g1Q 69. c6 Qg7+ 70. Kb8 Qf8+ 71. Kb7 Qb4+ 72. Ka7 Qxb3 73. c7 Qa4+ 74. Kb8 Qb5+ 75. Ka8 Qc6+ 76. Kb8 Qb6+ 77. Ka8 Qc6+ 78. Kb8 Qd6 79. Kb7 Qe7 80. Kb8 Qd6 81. Kb7 1/2-1/2

[Event "ESP-ch U14 rapid"]
[Site "Salobrena"]
[Date "2023.07.22"]
[Round "2"]
[White "Antonanzas Fernandez, Mario"]
[Black "Lorente Melcon, Maximo"]
[Result "0-1"]
[WhiteElo "1539"]
[BlackElo "1783"]
[PlyCount "30"]
[EventDate "2023.07.22"]
[EventType "swiss (rapid)"]
[EventRounds "9"]
[EventCountry "ESP"]
[SourceTitle "EXT 2024"]
[Source "ChessBase"]
[SourceDate "2023.10.10"]
[SourceVersion "1"]
[SourceVersionDate "2023.10.10"]
[SourceQuality "1"]

1. e4 c5 2. Nf3 e6 3. d4 cxd4 4. Nxd4 Nf6 5. f3 Nc6 6. c4 Bc5 7. Nb3 Be7 8. Be3 d5 9. exd5 exd5 10. cxd5 Nxd5 11. Bf2 Bf6 12. Bc4 Qe7+ 13. Kd2 Bg5+ 14. Kd3 Ncb4+ 15. Kd4 Be3+ 0-1

[Event "ESP-ch U12"]
[Site "Salobrena"]
[Date "2022.07.12"]
[Round "3"]
[White "Antonanzas Fernandez, Mario"]
[Black "Krauchi Romero, Martin"]
[Result "0-1"]
[WhiteElo "1278"]
[BlackElo "1717"]
[PlyCount "112"]
[EventDate "2022.07.04"]
[EventType "swiss"]
[EventRounds "9"]
[EventCountry "ESP"]
[SourceTitle "EXT 2023"]
[Source "ChessBase"]
[SourceDate "2022.10.05"]
[SourceVersion "1"]
[SourceVersionDate "2022.10.05"]
[SourceQuality "1"]

1. e4 c5 2. Nf3 e6 3. d4 cxd4 4. Nxd4 Nf6 5. Nc3 d6 6. Bc4 Be7 7. 0-0 0-0 8. Bb3 Na6 9. Be3 Nc5 10. f3 a6 11. a4 Nxb3 12. Nxb3 b6 13. Qd2 Nd7 14. Qf2 Bb7 15. Rfd1 Qc7 16. Rd2 Rab8 17. Rad1 Ba8 18. Bf4 e5 19. Be3 f5 20. exf5 Rxf5 21. Nd5 Bxd5 22. Rxd5 Nf6 23. R5d3 d5 24. Qe2 Bd6 25. g4 Rxf3 26. g5 Ne8 27. Qxf3 e4 28. Qg2 exd3 29. Qxd5+ Kh8 30. Qxd3 Bxh2+ 31. Kh1 Be5 32. Rf1 Nd6 33. Bd4 Nc4 34. Bxe5 Nxe5 35. Qf5 Qc6+ 36. Kg1 Ng6 37. a5 bxa5 38. Nxa5 Qd6 39. b3 Rf8 40. Qd3 Qb6+ 41. Kg2 Qxa5 42. Qxg6 hxg6 43. Rxf8+ Kh7 44. Rf2 Qxg5+ 45. Kf1 Qg3 46. Rg2 Qc3 47. Rf2 g5 48. Rg2 Kg6 49. Rf2 g4 50. Rg2 g3 51. Re2 Qf3+ 52. Ke1 g2 53. Kd2 g1Q 54. c3 Qgf1 55. Re6+ Kf5 56. Re8 Q3d3# 0-1

[Event "ESP-ch U10"]
[Site "Salobrena"]
[Date "2020.07.24"]
[Round "8"]
[White "Lazaro Del Arco, Martina"]
[Black "Antonanzas Fernandez, Mario"]
[Result "1-0"]
[WhiteElo "1227"]
[BlackElo "1049"]
[PlyCount "53"]
[EventDate "2020.07.20"]
[EventType "swiss"]
[EventRounds "9"]
[EventCountry "ESP"]
[SourceTitle "EXT 2021"]
[Source "ChessBase"]
[SourceDate "2020.10.23"]
[SourceVersion "1"]
[SourceVersionDate "2020.10.23"]
[SourceQuality "1"]

1. e4 e5 2. Nf3 Nc6 3. Bc4 Bc5 4. 0-0 Nf6 5. d3 d6 6. h3 h6 7. c3 Bb6 8. Re1 Be6 9. Bb3 Bxb3 10. Qxb3 0-0 11. Be3 Na5 12. Qc2 c5 13. Nbd2 Rc8 14. b3 Nc6 15. Nc4 Qd7 16. Nxb6 axb6 17. Nh4 Rfd8 18. c4 Nb4 19. Qd2 b5 20. a3 Na6 21. cxb5 Qxb5 22. Nf5 Kf8 23. Bxh6 gxh6 24. Qxh6+ Ke8 25. Qxf6 Kd7 26. Qxd6+ Ke8 27. Qe7# 1-0